Index aktivního stárnutí (AAI) v regionální aplikaci

Index aktívneho starnutia - analytický nástroj k meraniu potenciálu starnúcich spoločností a k zhodnoteniu pozície seniorov v týchto spoločnostiach. Bol vytvorený pre účely porovnania miery, do akej je v danom štáte využívaný potenciál starších ľudí a miery, do akej je im umožnené participovať na ek...

ver descrição completa

Na minha lista:
Detalhes bibliográficos
Autor principal: Vidovičová, Lucie
Outros Autores: Petrová Kafková, Marcela
Formato: Capítulo de Livro
Idioma:tcheco
Assuntos:
Tags: Adicionar Tag
Sem tags, seja o primeiro a adicionar uma tag!

MARC

LEADER 00000naa a2200000 4500
001 0220169
005 20220715114449.1
041 0 |a cze 
044 |a CZ 
245 1 0 |a Index aktivního stárnutí (AAI) v regionální aplikaci  |c Lucie Vidovičová, Marcela Petrová Kafková 
520 |a Index aktívneho starnutia - analytický nástroj k meraniu potenciálu starnúcich spoločností a k zhodnoteniu pozície seniorov v týchto spoločnostiach. Bol vytvorený pre účely porovnania miery, do akej je v danom štáte využívaný potenciál starších ľudí a miery, do akej je im umožnené participovať na ekonomickom a sociálnom živote spoločnosti. Konštrukcia AAI na úrovni európskych štátov. Celkové výsledky regionálneho indexu aktívneho starnutia pre ČR (NUTS2). 
610 2 0 |a spoločnosť 
610 2 0 |a starnutie populácie 
610 2 0 |a indexy 
610 2 0 |a Česko 
610 2 0 |a regióny 
610 2 0 |a Európa 
100 1 |a Vidovičová, Lucie 
700 1 |a Petrová Kafková, Marcela